| 000 | 00000nam##2200000za#4500 |
| 001 | 9.535549 |
| 003 | CaOODSP |
| 005 | 20200327081214 |
| 007 | ta |
| 008 | 150406|2001||||xxc||||| f|0| 0 fre|d |
| 020 | |a0-660-61694-7 |
| 040 | |aCaOODSP|bfre |
| 041 | |aeng |
| 041 | |afre |
| 043 | |an-cn--- |
| 086 | 1 |aBT31-4/6-2001 |
| 110 | 1 |aCanada. |bConseil du trésor. |
| 245 | 10|aAffaires indiennes et du Nord Canada et Commission canadienne des affaires polaires |
| 260 | |aOttawa - Ontario : |bSecrétariat du Conseil du Trésor du Canada |c2001. |
| 300 | |aTexte français, 63p. : |bfigures, ill., tableaux ; |c28 cm. |
| 490 | 1 |aRapport sur le rendement pour la période se terminant le 31 mars 2001 |
| 546 | |aBilingue |
| 563 | |aCouverture souple |
| 590 | |a01-46|b2001-11-16 |
| 691 | 07|aPrévisions budgétaires|2gcpds |
| 691 | 07|aMinistère du gouvernement fédéral|2gcpds |
| 691 | 07|aInstitution fédérale|2gcpds |
| 691 | 07|aAffaires autochtones|2gcpds |
| 776 | 0#|tIndian and Northern Affairs Canada and Canadian Polar Commission, performance report for the period ending March 31, 2001 |w(CaOODSP)9.569259 |
| 776 | 0#|tAffaires indiennes et du Nord Canada et Commission canadienne, rapport sur le rendement pour la période se terminant le 31 mars 2001 |w(CaOODSP)9.600488 |
| 791 | |tIndian and Northern Affairs Canada and Canadian Polar Commission |eeng|w(CaOODSP)9.535548 |
| 830 | #0|aRapport sur le rendement pour la période se terminant le 31 mars 2001.|w(CaOODSP)9.508981 |